| 000 | 00690nam a22001817a 4500 | ||
|---|---|---|---|
| 999 |
_c62548 _d62548 |
||
| 005 | 20241205155237.0 | ||
| 008 | 241205s2017 ru ||||| |||| 00| 0 rus d | ||
| 020 | _a 9785001003717x | ||
| 041 | _arus | ||
| 080 | _a159.955 X-52 | ||
| 100 |
_aХиз, Чип _923862 |
||
| 245 |
_aЛОВУШКИ МЫШЛЕНИЯ : _bКАК ПРИНИМАТь РЕШЕНИЯ, О КОТОРЫХ ВЫ НЕ ПОЖАЛЕЕТЕ / _cЧип Хиз, Дэн Хиз. |
||
| 264 |
_aМосква : _bМанн, Иванов и Фербер, _c 2017. |
||
| 300 |
_a320 стр. _b24 см. |
||
| 653 | _aფსიქოლოგია | ||
| 700 |
_aДэн, Хиз _eავტორი _923863 |
||
| 942 |
_2udc _cᲬᲘᲒᲜᲘ |
||